Loading...
| Literature - British | 1 | 5 | 0 | 1 | 65 | 37 | 98.67 | 1 | 5 | 0.00 | 0.00 |
| Literature - European | 2 | 3 | 1 | 0 | 55 | 69 | 88.80 | 3 | 5 | 0.00 | 0.00 |
| Literature - American | 0 | 5 | 1 | 1 | 45 | 86 | 111.00 | 0 | 2 | 0.00 | 0.00 |
| Philosophy | 2 | 1 | 0 | 0 | 40 | 56 | 80.67 | 2 | 3 | 0.00 | 0.00 |
| Social Science | 2 | 0 | 1 | 0 | 25 | 33 | 48.00 | 2 | 2 | 0.00 | 0.00 |
| Pop Culture | 1 | 1 | 0 | 0 | 25 | 51 | 80.50 | 1 | 2 | 0.00 | 0.00 |
| Fine Arts - Other | 0 | 2 | 0 | 1 | 20 | 98 | 116.50 | 0 | 1 | 0.00 | 0.00 |
| Religion | 0 | 2 | 1 | 0 | 15 | 77 | 103.00 | 1 | 1 | 0.00 | 0.00 |
| Mythology | 0 | 2 | 1 | 0 | 15 | 92 | 92.00 | 2 | 2 | 0.00 | 0.00 |
| Literature - World | 1 | 2 | 4 | 0 | 15 | 57 | 77.67 | 1 | 3 | 0.00 | 0.00 |
| Science - Other | 0 | 1 | 0 | 0 | 10 | 90 | 90.00 | 0 | 1 | 0.00 | 0.00 |
| History - European | 0 | 1 | 0 | 1 | 10 | 103 | 103.00 | 0 | 1 | 0.00 | 0.00 |
| Other Academic | 0 | 1 | 0 | 0 | 10 | 88 | 88.00 | 0 | 1 | 0.00 | 0.00 |
| Social Science- Edited | 0 | 1 | 0 | 0 | 10 | 78 | 78.00 | 0 | 1 | 0.00 | 0.00 |
| Religion- Edited | 0 | 1 | 0 | 0 | 10 | 84 | 84.00 | 1 | 1 | 0.00 | 0.00 |
| Science - Biology | 0 | 1 | 0 | 1 | 10 | 121 | 121.00 | 0 | 0 | 0.00 | 0.00 |